Across five Aprils [sound recording] / Irene Hunt.
During the Civil War, nine-year-old Jethro must run the family farm in southern Illinois almost alone.
Record details
- ISBN: 1883332753
- ISBN: 9781883332754
- Physical Description: 5 sound discs (ca. 6 hr.) : digital ; 4 3/4 in.
- Publisher: North Kingstown, RI : Audio BookGO, p2002.
Content descriptions
| General Note: | Unabridged. Compact disc. |
| Creation/Production Credits Note: | Produced by H. Frederick. |
| Participant or Performer Note: | Read by Terry Bregy ; Civil War music performed by Ben Block. |
| Target Audience Note: | 12 years and up. |
Search for related items by subject
| Subject: | Farm life > Juvenile fiction. Farm life. > Juvenile fiction > Sound recordings. United States > History > Civil War, 1861-1865 > Juvenile fiction. Illinois > Juvenile fiction. |
Available copies
- 1 of 1 copy available at scottsboropl.
Holds
- 0 current holds with 1 total copy.
Show Only Available Copies
| Location | Call Number / Copy Notes | Barcode | Shelving Location | Status | Due Date |
|---|---|---|---|---|---|
| scottsboropl | J BK/CD Hun | 32269001149296 | Juvenile - Audiobook | Available | - |
| LDR | 01324cim a2200349Ia 4500 | ||
|---|---|---|---|
| 001 | 134455 | ||
| 003 | CONS | ||
| 005 | 20140703073308.0 | ||
| 007 | sd fu|gnn||||| | ||
| 008 | 020405s2002 meunnnnj f n eng d | ||
| 020 | . | ‡a1883332753 | |
| 020 | . | ‡a9781883332754 | |
| 035 | . | ‡a(CPomAG)LMN506957 | |
| 043 | . | ‡an-us-il | |
| 082 | 1 | 4. | ‡a[Fic] ‡221 |
| 100 | 1 | . | ‡aHunt, Irene. |
| 245 | 1 | 0. | ‡aAcross five Aprils ‡h[sound recording] / ‡cIrene Hunt. |
| 260 | . | ‡aNorth Kingstown, RI : ‡bAudio BookGO, ‡cp2002. | |
| 300 | . | ‡a5 sound discs (ca. 6 hr.) : ‡bdigital ; ‡c4 3/4 in. | |
| 500 | . | ‡aUnabridged. | |
| 511 | 0 | . | ‡aRead by Terry Bregy ; Civil War music performed by Ben Block. |
| 520 | . | ‡aDuring the Civil War, nine-year-old Jethro must run the family farm in southern Illinois almost alone. | |
| 521 | 1 | . | ‡a12 years and up. |
| 500 | . | ‡aCompact disc. | |
| 508 | . | ‡aProduced by H. Frederick. | |
| 650 | 0. | ‡aFarm life ‡vJuvenile fiction. | |
| 650 | 1. | ‡aFarm life. ‡vJuvenile fiction ‡vSound recordings. | |
| 651 | 0. | ‡aUnited States ‡xHistory ‡yCivil War, 1861-1865 ‡vJuvenile fiction. | |
| 651 | 0. | ‡aIllinois ‡vJuvenile fiction. | |
| 700 | 1 | . | ‡aBregy, Terry. ‡4nrt |
| 959 | . | ‡i32269001149296 ‡lYA BK/CD Hun ‡aYoung Adult - Audiobook ‡tAudiobook ‡g33.00 | |
| 852 | . | ‡p32269001149296 ‡jYA BK/CD Hun ‡gYoung Adult - Audiobook ‡cAudiobook ‡y33.00 ‡bSBPL | |
| 901 | . | ‡a134455 ‡bUnknown ‡c134455 ‡tbiblio | |